[Event "Pohár města Říčany 2020"]
[Site "Městské kulturní středisko U labutě"]
[Date "2020.08.28"]
[Round "8.28"]
[White "Rousek, Jan"]
[Black "Feierfeil, Jiri"]
[Result "1-0"]
[WhiteElo "1665"]
[BlackElo "1719"]
[PlyCount "0"]
[EventDate "2020.08.22"]

1. d4 Nf6 2. c4 g6 3. g3 c6 4. Bg2 d5 5. cxd5 cxd5 6. Nc3 Bg7 7. Bg5 e6 8. e4
dxe4 9. Nxe4 O-O 10. Nxf6+ Bxf6 11. Bxf6 Qxf6 12. Ne2 Nd7 13. O-O Nb6 14. Rc1
Rd8 15. Qb3 Rb8 16. a4 Nd5 17. Nc3 Nxc3 18. bxc3 b6 19. Rfe1 Bb7 20. Re5 Bxg2
21. Kxg2 a6 22. Qc4 a5 23. Qb3 Qe7 24. Rb5 Qb7+ 25. f3 Rd5 26. Rb1 Rd6 27. Rxa5
Qc8 28. Rb5 Ra8 29. Ra1 Kg7 30. Rb4 Qd8 31. Rb1 Ra6 32. Qc4 Ra8 33. Qe2 Ra5
34. Qe4 Rad5 35. Rb5 Qc7 36. Rxd5 Rxd5 37. Qd3 Ra5 38. Rb4 Qd6 39. Qb1 Qc6
40. Qb3 Ra6 41. Qc4 Qa8 42. Qb5 Ra5 43. Qxb6 Rxa4 44. Rxa4 Qxa4 45. Qb2 Qc4
46. Qc2 h5 47. h4 f6 48. Qd2 Kh7 49. Kf2 Kg7 50. Ke3 Qf1 51. f4 f5 52. Qe2 Qg1+
53. Kd3 Qb1+ 54. Kc4 Qb7 55. Qe3 Qd5+ 56. Kb4 Qb7+ 57. Ka3 Qa8+ 58. Kb2 Qg2+
59. Kb3 Qb7+ 60. Kc2 Qg2+ 61. Kb3 Qb7+ 62. Kc2 Qg2+ 63. Kd3 Qf1+ 64. Qe2 Qb1+
65. Kc4 Qb7 66. Qxe6 Qa8 67. Qe7+ Kg8 68. Qe6+ Kg7 69. Qe5+ Kg8 70. Qd5+ 1-0

[Event "Pohár města Říčany 2020"]
[Site "Městské kulturní středisko U labutě"]
[Date "2020.08.28"]
[Round "8.29"]
[White "Hozda, Max"]
[Black "Studzinski, Boleslav"]
[Result "1-0"]
[WhiteElo "1630"]
[BlackElo "1678"]
[PlyCount "0"]
[EventDate "2020.08.22"]

1. d4 d5 2. c4 e6 3. Nf3 f5 4. g3 Nf6 5. Bg2 c6 6. O-O Be7 7. b3 O-O 8. Ba3 Ne4
9. Bxe7 Qxe7 10. c5 Nd7 11. e3 Kh8 12. Qc2 Rf6 13. Nbd2 Rh6 14. b4 Ndf6 15. Ne5
Bd7 16. f4 Rg8 17. Nxe4 fxe4 18. h4 Rf8 19. Kh2 Be8 20. a4 Bg6 21. b5 Qe8
22. bxc6 bxc6 23. Bh3 Ng8 24. Rab1 Bf5 25. Bxf5 exf5 26. Rb7 Nf6 27. Kg2 Qh5
28. Rxa7 Ng4 29. Qe2 Re6 30. Nxg4 fxg4 31. Qb2 Rfe8 32. Qb7 Qg6 33. Rb1 h6
34. Rb6 1-0